Los páramos circundantes de la sabana de Bogotá (Registro nro. 302504)

Detalles MARC
000 -ENCABEZADO
Número de control [NR] 01156 a2200301 4500
005 - FECHA Y HORA DE LA ÚLTIMA TRANSACCIÓN
control field 20180312143028.0
008 - DE LONGITUD FIJA DE DATOS DE ELEMENTOS - INFORMACIÓN GENERAL
Elementos de longitud fija [NR] 160128s2015 ck abo fr|||| 00| 0 spa d
020 ## - NUMERO INTERNACIONAL NORMALIZADO PARA LIBROS [R]
Número Internacional Normalizado del libro [NR] 9789588576237
040 ## - FUENTE DE CATALOGACION [NR]
Agencia de catalogación original [NR] CO-BoUCM
Idioma de catalogación [NR] spa
Quien Cataloga Saul Niño
Quien Clasifica Saul Niño
041 0# - CODIGO DE IDIOMA [R]
Código de idioma para texto/pista de sonido o título separado [R] Español
100 1# - ASIENTO PRINCIPAL--NOMBRE PERSONAL [NR]
Nombre personal [NR] Guhl Nimtz, Ernesto
Fechas asociadas con el nombre [NR] 1915-2000
ID Autoridad 75086
245 14 - MENCION DE TITULO [NR]
Título [NR] Los páramos circundantes de la sabana de Bogotá
Mención de responsabilidad, etc. [NR] Ernesto Guhl Nimtz
250 ## - MENCION DE EDICION [NR]
Mención de edición [NR] 2a ed
260 ## - PUBLICACION, DISTRIBUCION, ETC. (PIE DE IMPRENTA) [R]
Fecha de publicación, distribución, etc. [R] 2015
Nombre del editor, distribuidor, etc. [R] Jardín Botánico de Bogotá José Celestino Mutis
Lugar de publicación, distribución, etc. [R] Bogotá (Colombia)
300 ## - DESCRIPCION FISICA [R]
Extensión [R] 239 páginas., [1] hoja plegable de mapa
Otros detalles físicos [NR] ilustaciones, mapas, fotografías
490 0# - MENCION DE SERIE [R]
Mención de serie [R] Pérez Arbeláez
500 ## - NOTA GENERAL [R]
Nota general [NR] Edición conmemorativa
504 ## - NOTA DE BIBLIOGRAFIA, ETC. [R]
Nota de bibliografía, etc. [NR] Incluye referencias bibliográficas e índices
650 #7 - ASIENTO SECUNDARIO DE MATERIA - TERMINO TEMATICO [R]
9 (RLIN) 21074
Término temático o nombre geográfico como elemento de entrada [NR] Paramos
650 #7 - ASIENTO SECUNDARIO DE MATERIA - TERMINO TEMATICO [R]
9 (RLIN) 170
Término temático o nombre geográfico como elemento de entrada [NR] Ecología de paramos
650 #7 - ASIENTO SECUNDARIO DE MATERIA - TERMINO TEMATICO [R]
Término temático o nombre geográfico como elemento de entrada [NR] Tierras humedas
9 (RLIN) 75087
650 #7 - ASIENTO SECUNDARIO DE MATERIA - TERMINO TEMATICO [R]
9 (RLIN) 11653
Término temático o nombre geográfico como elemento de entrada [NR] Conservación de la naturaleza
650 #7 - ASIENTO SECUNDARIO DE MATERIA - TERMINO TEMATICO [R]
9 (RLIN) 13726
Término temático o nombre geográfico como elemento de entrada [NR] Ecosistemas
Subdivisión general [R] Aspectos sociales
650 #7 - ASIENTO SECUNDARIO DE MATERIA - TERMINO TEMATICO [R]
9 (RLIN) 13639
Término temático o nombre geográfico como elemento de entrada [NR] Ecología de sabanas
Subdivisión geográfica [R] Bogotá (Colombia)
690 ## - ASUNTO AGREGADO LOCAL DE ENTRADA - TÉRMINO TEMÁTICO (OCLC, RLIN)
9 (RLIN) 42878
Acceso temático local Medio ambiente
942 ## - ELEMENTOS DE ENTRADA AGREGADOS (KOHA)
Sistema de clasificación DEWEY
Tema principal Ciencias aplicadas
Tipo de ítem principal el descrito en 300a Libro
Edición 2
Clasificación 577.6870986148
Parte restante de la signatura top. G942pa
Título oculto en OPAC No
Existencias
Fecha de último préstamo Total préstamos Total Renewals Signatura topográfica Código de barras Última vez visto Volúmen / Fascículo Ejemplar Costo de reposición Price effective from Tipo de ítem Nota pública (OPAC) Perdido Sistema de clasificación Dañado No prestable Tipo de ítem específico Suprimido Ubicación habitual Ubicación actual Localización Fecha de creación Proveedor Forma de adquisición Costo
07/04/2025 12 16 577.6870986148 G942pa 200029044 12/12/2025 2a.Ed. Ej.1 26000.00 26/01/2016 Libro Spot Ciencias Naturales   DEWEY     Libro   Quinta de Mutis Quinta de Mutis 3er piso 26/01/2016 12 Donación 0.00